000 00527nam a2200193Ia 4500
003 GCL
008 140319s9999 xx 000 0 ara d
040 _aGCL /
_cGCL
082 0 4 _a808.8
_bن م
100 1 _aنبيل راغب
245 1 0 _aمعالم الادب العالمى المعاصر /
_cنبيل راغب
260 _a[S.N] :
_bمكتبة مصر ،
_c1990
300 _a174 ص
490 _a
650 0 4 _aالادب
650 0 4 _aالادب العالمى
650 0 4 _aالمجموعات
942 _2ddc
_cBK
999 _c34368
_d34368